[Event "Superettan(Kamraterna-Orgryte)"]
[Site "?"]
[Date "2016.02.27"]
[Round "6"]
[White "Mohammadi, Amir"]
[Black "Anderzen, Robert"]
[Result "1-0"]
[WhiteElo "2279"]
[BlackElo "2033"]
[PlyCount "61"]
1. e4 c5 2. Nc3 Nc6 3. g3 g6 4. Bg2 Bg7 5. d3 d6 6. Be3 e6 7. Qd2 Qa5 8. Nge2
Nd4 9. O-O Ne7 10. Nc1 Nec6 11. Nb3 Qb6 12. Rac1 O-O 13. Bh6 a5 14. Bxg7 Kxg7
15. Nd1 a4 16. Nxd4 cxd4 17. c4 e5 18. f4 f6 19. h4 h6 20. Nf2 Nb4 21. Ra1 Na6
22. g4 Qb4 23. Qc1 Nc5 24. Bf3 Bd7 25. Be2 Ra6 26. Rb1 b5 27. g5 fxg5 28. hxg5
hxg5 29. f5 gxf5 30. Qxg5+ Kh8 31. Kg2 1-0

[Event "Superettan(Schack 08-Upsala)"]
[Site "?"]
[Date "2016.02.27"]
[Round "6"]
[White "Fredriksson, Leif"]
[Black "Cederberg, Karl Olof"]
[Result "0-1"]
[WhiteElo "2230"]
[BlackElo "2179"]
[PlyCount "166"]
[EventDate "2016.??.??"]
1. e4 e5 2. Nf3 d6 3. d4 Nf6 4. Nc3 Nbd7 5. g3 g6 6. Bg2 Bg7 7. O-O O-O 8. h3
c6 9. Be3 Re8 10. dxe5 dxe5 11. Qe2 Qc7 12. Rad1 b5 13. Ne1 b4 14. Nb1 Qa5 15.
a3 Ba6 16. Nd3 c5 17. Qd2 Rab8 18. Rfe1 Bc4 19. Bxc5 Nxc5 20. axb4 Ncxe4 21.
Bxe4 Nxe4 22. Rxe4 Qc7 23. Qc3 Rbc8 24. Nc5 Bb5 25. Na3 Bc6 26. Rc4 e4 27. Qe3
Qe5 28. c3 Qh5 29. g4 Qh4 30. b5 Ba8 31. Rd7 Bh6 32. Qg3 Qg5 33. Nb7 Qc1+ 34.
Kg2 Qxb2 35. Qh4 e3 36. Qf6 Qxf2+ 37. Qxf2 exf2 38. Kxf2 Be3+ 39. Kg3 Bc1 40.
Rxc8 Rxc8 41. Nb1 f5 42. gxf5 gxf5 43. Nd6 f4+ 44. Kf2 Be3+ 45. Kf1 Rf8 46. c4
Bh1 47. Ke2 Bc5 48. Nd2 f3+ 49. Kd3 f2 50. N6e4 Bb4 51. Nf1 Bg2 52. Neg3 Bc5
53. h4 Re8 54. Kc2 Re1 55. Rd1 Be7 56. h5 Bh4 57. Rd4 Bxg3 58. Nxg3 f1=Q 59.
Nxf1 Bxf1 60. Rg4+ Kf7 61. h6 Kf6 62. Rg7 Re7 63. Rg4 Bh3 64. Rg3 Bf5+ 65. Kc3
Ke5 66. Re3+ Be4 67. Rg3 Bg6 68. Re3+ Kf6 69. Rg3 Re4 70. Rh3 Ke5 71. Kb4 Bf7
72. Rc3 Kd6 73. Rd3+ Kc7 74. Rc3 Kb6 75. Rc1 Rh4 76. Rc2 Be8 77. Re2 Bxb5 78.
Re6+ Bc6 79. Kc3 a5 80. Rf6 Rh5 81. Kd4 a4 82. Kc3 Kc5 83. Re6 Rh3+ 0-1

[Event "Superettan(Kamraterna-Orgryte)"]
[Site "?"]
[Date "2016.02.27"]
[Round "6"]
[White "Bjorsson, Alf"]
[Black "Borvander, Tom"]
[Result "0-1"]
[WhiteElo "2001"]
[BlackElo "2159"]
[PlyCount "78"]
1. d4 Nf6 2. Nf3 g6 3. Nbd2 d5 4. c4 c6 5. e3 Bg7 6. Be2 O-O 7. O-O Nbd7 8.
cxd5 Nxd5 9. Nb3 a5 10. e4 N5f6 11. Qc2 a4 12. Nbd2 Re8 13. e5 Nd5 14. e6 fxe6
15. Nc4 Qc7 16. Rd1 c5 17. Ne3 cxd4 18. Qxc7 Nxc7 19. Nxd4 Nc5 20. Nb5 N7a6 21.
Nc4 Bd7 22. Nb6 Rad8 23. Nxd7 Rxd7 24. Rxd7 Nxd7 25. Rb1 Rc8 26. Kf1 Ne5 27.
Nc3 Nc5 28. Bd2 Ned3 29. Bxd3 Nxd3 30. Nxa4 Rc2 31. Bc3 Rxf2+ 32. Kg1 Bxc3 33.
Nxc3 Rc2 34. Nd1 e5 35. a4 Kf7 36. Kf1 Ke6 37. b4 Rc4 38. Rb3 Rf4+ 39. Ke2 Nc1+
0-1

[Event "Superettan(Schack 08-Upsala)"]
[Site "?"]
[Date "2016.02.27"]
[Round "6"]
[White "Svensson, Mans"]
[Black "Faldt, Magnus"]
[Result "1-0"]
[WhiteElo "2135"]
[BlackElo "2185"]
[PlyCount "70"]
[EventDate "2016.??.??"]
1. d4 d5 2. c4 e6 3. Nc3 c6 4. Nf3 dxc4 5. e3 b5 6. a4 Bb4 7. Bd2 a5 8. axb5
Bxc3 9. Bxc3 cxb5 10. b3 Bb7 11. bxc4 b4 12. Bb2 Nf6 13. Bd3 O-O 14. O-O Nbd7
15. Nd2 e5 16. f3 Qc7 17. Kh1 Rfd8 18. Bc2 Ra6 19. d5 Nc5 20. f4 exf4 21. Rxf4
Ncd7 22. Nf3 Re8 23. Qd3 Nc5 24. Qf5 b3 25. Bb1 Bc8 26. Qg5 h6 27. Qh4 Nh7 28.
Qg3 f5 29. Nd4 Ng5 30. Nxf5 Bxf5 31. Bxf5 a4 32. h4 Nge4 33. Bxe4 Nxe4 34. Rf8+
Rxf8 35. Qxc7 Ng3+ 1-0

[Event "Superettan(Kamraterna-Orgryte)"]
[Site "?"]
[Date "2016.02.27"]
[Round "6"]
[White "Svenn, Matti"]
[Black "Green, Per"]
[Result "1/2-1/2"]
[WhiteElo "2157"]
[BlackElo "1971"]
[PlyCount "103"]
1. d4 e6 2. g3 d5 3. Bg2 Nf6 4. Nf3 b5 5. a4 c6 6. axb5 cxb5 7. O-O Bb7 8. Bg5
Be7 9. Nbd2 Nbd7 10. Ne5 Nxe5 11. dxe5 Nd7 12. Bf4 Qc7 13. Nf3 a6 14. h4 Rc8
15. c3 h6 16. h5 Nc5 17. Nd4 Bg5 18. e3 Na4 19. Rb1 Be7 20. g4 Nb6 21. Bg3 Nc4
22. Nf3 a5 23. Qe2 b4 24. cxb4 Bxb4 25. Rfc1 Qb6 26. g5 Be7 27. gxh6 Rxh6 28.
Nd4 Ba6 29. Bf4 Rh8 30. Bf1 Bb7 31. Qg4 Kf8 32. Bd3 Nd2 33. Rxc8+ Bxc8 34. Rc1
Bd7 35. Kh1 Ne4 36. Bxe4 dxe4 37. h6 g6 38. Kg2 Kg8 39. Bg5 Qd8 40. Bxe7 Qxe7
41. Qf4 g5 42. Qxe4 Rxh6 43. Rc7 g4 44. Kf1 Qb4 45. Rxd7 Qc4+ 46. Kg2 Qc1 47.
Qa8+ Kg7 48. Rxf7+ Kxf7 49. Qb7+ Kg8 50. Qa8+ Kg7 51. Qb7+ Kg8 52. Qa8+ 1/2-1/2

[Event "Superettan(Schack 08-Upsala)"]
[Site "?"]
[Date "2016.02.27"]
[Round "6"]
[White "Drugge, Patrick"]
[Black "Nilsson, Joakim"]
[Result "1-0"]
[WhiteElo "2188"]
[BlackElo "2082"]
[PlyCount "87"]
[EventDate "2016.??.??"]
1. e4 d5 2. exd5 Qxd5 3. Nc3 Qd8 4. d4 Nf6 5. Nf3 Bg4 6. h3 Bxf3 7. Qxf3 c6 8.
Be3 e6 9. Bd3 Nbd7 10. O-O Be7 11. Ne2 O-O 12. c4 Re8 13. Rad1 Qc7 14. g4 Nf8
15. Ng3 Ng6 16. g5 Nd7 17. Qg4 c5 18. Bxg6 hxg6 19. dxc5 Nxc5 20. h4 Red8 21.
h5 gxh5 22. Nxh5 Nd7 23. g6 f5 24. Qh3 Nf8 25. Nxg7 Qxc4 26. Rc1 Qe4 27. Nh5
Rac8 28. g7 Nh7 29. Nf4 Bf6 30. Rxc8 Rxc8 31. Rd1 Bg5 32. Rd4 Qb1+ 33. Kg2 Bf6
34. Rd7 Qe4+ 35. Qf3 Qxf3+ 36. Kxf3 Ng5+ 37. Kg2 e5 38. Nd5 Nh7 39. Rxb7 f4 40.
Bxa7 Rd8 41. Ne7+ Bxe7 42. Rxe7 Rd2 43. Bb8 e4 44. Bxf4 1-0

[Event "Superettan(Vaxjo-Malmo)"]
[Site "?"]
[Date "2016.02.27"]
[Round "6"]
[White "Jobava, Baadur"]
[Black "Carstensen, Jacob"]
[Result "1-0"]
[WhiteElo "2673"]
[BlackElo "2354"]
[PlyCount "95"]
[SourceDate "2016.03.01"]
1. b3 e5 2. Bb2 Nc6 3. e3 Nf6 4. Bb5 Bd6 5. Na3 a6 6. Bxc6 dxc6 7. Nc4 Qe7 8.
h3 O-O 9. Ne2 b5 10. Nxd6 cxd6 11. O-O Nd5 12. a4 Be6 13. e4 Nb6 14. a5 Nd7 15.
d4 f6 16. Ng3 d5 17. exd5 cxd5 18. Qe1 Rfc8 19. dxe5 Rxc2 20. exf6 Nxf6 21. Nf5
Qf7 22. Nd4 Rxb2 23. Qc3 Bxh3 24. gxh3 Ne4 25. Qxb2 Qg6+ 26. Kh1 Rf8 27. Rg1
Qh5 28. Rg2 Qxh3+ 29. Rh2 Qd3 30. Rg1 g6 31. f3 Rxf3 32. Qe2 Qxe2 33. Nxe2 Rxb3
34. Rd1 Ra3 35. Rxd5 Rxa5 36. Rd7 Ra1+ 37. Kg2 Nf6 38. Rb7 Ra2 39. Kf3 h5 40.
Rh1 Ra3+ 41. Kf4 Nh7 42. Rd1 g5+ 43. Ke4 Ra4+ 44. Kf5 Ra2 45. Rd8+ Nf8 46. Kf6
Rxe2 47. Rg7+ Kh8 48. Rxf8# 1-0

[Event "Superettan(Solna-Vasteras II)"]
[Site "?"]
[Date "2016.02.27"]
[Round "6"]
[White "Norberg, Erik"]
[Black "Bergstrom, Christer"]
[Result "1-0"]
[WhiteElo "2232"]
[BlackElo "2351"]
[PlyCount "79"]
[SourceDate "2016.03.03"]
1. g3 e5 2. Bg2 Nf6 3. c4 Nc6 4. Nc3 Bc5 5. e3 O-O 6. Nge2 Re8 7. d3 d6 8. O-O
Bg4 9. h3 Bh5 10. a3 a5 11. Rb1 Bg6 12. e4 Nd7 13. Kh2 Nd4 14. b4 axb4 15. axb4
Nxe2 16. Nxe2 Bb6 17. f4 f6 18. f5 Bf7 19. g4 c6 20. h4 d5 21. c5 Bc7 22. Ng3
Ra2 23. g5 b6 24. Qg4 bxc5 25. bxc5 fxg5 26. hxg5 g6 27. fxg6 hxg6 28. Qh4 Re7
29. Rh1 Qf8 30. Kg1 Qg7 31. Be3 d4 32. Bf2 Nxc5 33. Nf5 gxf5 34. exf5 Kf8 35.
f6 Qg6 36. Qh8+ Bg8 37. fxe7+ Kxe7 38. Rh6 Qf5 39. Rf1 Be6 40. Bg3 1-0

[Event "Superettan(Vaxjo-Malmo)"]
[Site "?"]
[Date "2016.02.27"]
[Round "6"]
[White "Aabling-Thomsen, Jakob"]
[Black "Gajic, Mladen"]
[Result "0-1"]
[WhiteElo "2345"]
[BlackElo "2251"]
[PlyCount "58"]
1. e4 Nf6 2. e5 Nd5 3. d4 Nb6 4. Nf3 d5 5. exd6 cxd6 6. a4 g6 7. a5 N6d7 8. Bc4
h6 9. O-O Bg7 10. Qd3 Nc6 11. Bd2 Nf6 12. a6 O-O 13. axb7 Bxb7 14. d5 Ne5 15.
Nxe5 dxe5 16. Nc3 Ne8 17. Ba6 Rb8 18. Ra2 f5 19. Bxb7 Rxb7 20. Na4 e4 21. Qa6
Qxd5 22. c4 Nc7 23. cxd5 Nxa6 24. Rc1 Rd8 25. Rc6 Rxd5 26. Rxa6 Rxd2 27. g3 Kf7
28. Nc5 Rbxb2 29. Rxb2 Rxb2 0-1

[Event "Superettan(Solna-Vasteras II)"]
[Site "?"]
[Date "2016.02.27"]
[Round "6"]
[White "Lindberg, Bengt"]
[Black "Nilsson, Andre"]
[Result "0-1"]
[WhiteElo "2383"]
[BlackElo "2233"]
[PlyCount "130"]
1. e4 g6 2. d4 Bg7 3. Nc3 d6 4. Be3 c6 5. a4 Nf6 6. Nf3 O-O 7. h3 Nbd7 8. Be2
Qc7 9. O-O b6 10. Nd2 a6 11. f4 Bb7 12. e5 Nd5 13. Nxd5 cxd5 14. Bd3 e6 15. c3
Bc6 16. Nf3 b5 17. a5 f5 18. Kh2 dxe5 19. dxe5 Bb7 20. Nd4 Rae8 21. Qd2 Nc5 22.
b4 Ne4 23. Bxe4 dxe4 24. Nb3 Bd5 25. Nc5 Qc6 26. Bd4 Rf7 27. Qe3 Bf8 28. g4 Rd8
29. Rg1 Bc4 30. gxf5 exf5 31. Rad1 Bxc5 32. Bxc5 Rd3 33. Rxd3 exd3 34. Re1 Qe6
35. Qd4 Kg7 36. Rd1 Rd7 37. Bd6 Kh6 38. Bf8+ Kh5 39. Qe3 g5 40. fxg5 f4 41.
Qf3+ Kg6 42. Bd6 Rf7 43. h4 Kg7 44. Bc5 Bd5 45. Qh3 Qg6 46. Rxd3 Qe4 47. Rxd5
Qxd5 48. Bd4 Qa2+ 49. Kh1 Qb1+ 50. Kh2 Qa2+ 51. Kh1 Qb1+ 52. Kh2 Qc2+ 53. Kh1
Qe4+ 54. Kh2 Rf5 55. Qg4 Qd3 56. Qh5 Qg3+ 57. Kh1 f3 58. Qh6+ Kg8 59. Qe6+ Rf7
60. Qc8+ Rf8 61. Qe6+ Kh8 62. Qa2 Qe1+ 63. Kh2 Qxh4+ 64. Kg1 Qe1+ 65. Kh2 Qe2+
0-1

[Event "Superettan(Vaxjo-Malmo)"]
[Site "?"]
[Date "2016.02.27"]
[Round "6"]
[White "Hansen, Sune Berg"]
[Black "Rydstrom, Tom"]
[Result "1-0"]
[WhiteElo "2574"]
[BlackElo "2307"]
[PlyCount "65"]
1. Nf3 d5 2. d4 Nf6 3. c4 e6 4. g3 dxc4 5. Qa4+ Bd7 6. Qxc4 c5 7. dxc5 Qc8 8.
Nbd2 Qxc5 9. Bg2 Bc6 10. O-O Nbd7 11. Qh4 Qb4 12. Qxb4 Bxb4 13. Nb3 O-O 14. Be3
Bd5 15. Rfc1 a6 16. Bd2 Bd6 17. Ne1 Bxg2 18. Kxg2 Rfc8 19. Nd3 Kf8 20. Na5 b6
21. Nc4 Be7 22. f3 b5 23. Na5 Nd5 24. e4 N5b6 25. b3 Ba3 26. Bb4+ Bxb4 27. Nxb4
Ke7 28. Kf2 Nc5 29. Ke3 Nbd7 30. Rc3 Rc7 31. Rac1 f6 32. a3 Kf7 33. Na2 1-0

[Event "Superettan(Solna-Vasteras II)"]
[Site "?"]
[Date "2016.02.27"]
[Round "6"]
[White "Janse, Love"]
[Black "Karlsson, Tomas"]
[Result "0-1"]
[WhiteElo "2156"]
[BlackElo "2243"]
[PlyCount "98"]
1. e4 e6 2. d3 d5 3. Qe2 Nf6 4. Nf3 c5 5. g3 Be7 6. Bg2 Nc6 7. O-O O-O 8. e5
Nd7 9. c4 dxc4 10. dxc4 b6 11. Nc3 Bb7 12. h4 Nd4 13. Nxd4 Bxg2 14. Kxg2 cxd4
15. Nb5 d3 16. Qe4 a6 17. Nd4 Qc7 18. Bf4 Nc5 19. Qf3 Rac8 20. Rfd1 Rfd8 21.
Qe3 Rd7 22. Rac1 Rcd8 23. Nf3 Qc6 24. Bg5 f6 25. exf6 gxf6 26. Bh6 e5 27. b3
Rd4 28. Rc3 Re4 29. Qc1 Re2 30. Be3 d2 31. Qb1 a5 32. Qf5 Ne4 33. Rc2 Bb4 34.
a3 Bxa3 35. Qg4+ Kf7 36. Kf1 Rxe3 37. fxe3 Bb4 38. Qh5+ Kg7 39. Kg2 Kh8 40. Qf5
Kg7 41. g4 Rd3 42. g5 Rxe3 43. gxf6+ Qxf6 44. Qd7+ Kh6 45. Rf1 Qg6+ 46. Ng5
Nxg5 47. hxg5+ Qxg5+ 48. Kh2 Qh4+ 49. Kg2 Rg3+ 0-1

[Event "Superettan(Vaxjo-Malmo)"]
[Site "?"]
[Date "2016.02.27"]
[Round "6"]
[White "Olofsson-Dolk, Mattis"]
[Black "Malekian, Babak"]
[Result "1-0"]
[WhiteElo "2263"]
[BlackElo "2245"]
[PlyCount "57"]
1. e4 c5 2. Nf3 e6 3. d4 cxd4 4. Nxd4 a6 5. Nc3 Ne7 6. Bd3 Nbc6 7. Nb3 b5 8.
Be3 d6 9. f4 g6 10. Qd2 Bg7 11. O-O-O Bb7 12. Rhf1 f5 13. exf5 exf5 14. Be2 Nc8
15. Bf3 O-O 16. Nd4 Qd7 17. Ne6 Qxe6 18. Bd5 Qxd5 19. Qxd5+ Kh8 20. Qd2 N8e7
21. Qxd6 Rac8 22. Bb6 Ng8 23. Nd5 Nf6 24. Nxf6 Bxf6 25. h4 h5 26. Rfe1 Rf7 27.
Qe6 Kg7 28. Rd7 Rcf8 29. Rxb7 1-0

[Event "Superettan(Solna-Vasteras II)"]
[Site "?"]
[Date "2016.02.27"]
[Round "6"]
[White "Jonsson, Mikael"]
[Black "Janse, Rasmus"]
[Result "1/2-1/2"]
[WhiteElo "2284"]
[BlackElo "2214"]
[PlyCount "149"]
1. d4 g6 2. e4 Bg7 3. Nc3 c5 4. Be3 cxd4 5. Bxd4 Bxd4 6. Qxd4 Nf6 7. O-O-O Nc6
8. Qd2 d6 9. f4 Qa5 10. Kb1 Be6 11. Bd3 O-O-O 12. Nf3 d5 13. e5 d4 14. Nxd4
Rxd4 15. exf6 exf6 16. a3 Bg4 17. Nb5 Qxd2 18. Rxd2 Rd7 19. Rf2 Be6 20. f5 Bd5
21. fxg6 hxg6 22. Rxf6 Ne5 23. Re1 Nxd3 24. cxd3 a6 25. Nd6+ Kc7 26. Rc1+ Kb8
27. Rc5 Be6 28. Nc4 Rxd3 29. Ne5 Rd5 30. Rxd5 Bxd5 31. Nxf7 Rf8 32. Ne5 Rxf6
33. Nd7+ Kc7 34. Nxf6 Bxg2 35. Kc2 Kd6 36. Ng4 Bh3 37. Nf2 Bf5+ 38. Kd2 Kd5 39.
Nd3 Kd4 40. Nf2 Kc4 41. Nd1 Kb3 42. Kc1 Bd7 43. Nc3 Kc4 44. Kd2 Kd4 45. Ke2 Be6
46. Kd2 Bc4 47. Na4 b5 48. Nc3 Bf1 49. Ke1 Bc4 50. Kd2 g5 51. Nd1 Ke4 52. Ne3
Be6 53. Ke2 a5 54. b4 a4 55. Nc2 Bc4+ 56. Kd2 Ba2 57. Ke2 Bb1 58. Ne3 Kd4 59.
Kd2 Bg6 60. Nd1 Kc4 61. Nc3 Bh7 62. Ne2 Kb3 63. Nd4+ Kxa3 64. Kc3 Ka2 65. Nxb5
a3 66. Kd4 Kb3 67. Nxa3 Kxb4 68. Nc4 Bf5 69. Nd6 Bd7 70. Ne4 g4 71. Nf6 Bc8 72.
Ke4 Kc5 73. Kf4 Kd6 74. Nxg4 Bxg4 75. Kxg4 1/2-1/2

[Event "Superettan(Solna-Vasteras II)"]
[Site "?"]
[Date "2016.02.27"]
[Round "6"]
[White "Backman, Andreas"]
[Black "Lindborg, Petter"]
[Result "0-1"]
[WhiteElo "2149"]
[BlackElo "2210"]
[PlyCount "88"]
1. d4 e6 2. e4 d5 3. Nd2 Be7 4. Ngf3 Nf6 5. e5 Nfd7 6. Bd3 c5 7. c3 b6 8. Qe2
a5 9. O-O Ba6 10. c4 Nc6 11. cxd5 Bxd3 12. Qxd3 Nb4 13. Qe4 Nxd5 14. Qg4 Kf8
15. h4 h6 16. Ne4 cxd4 17. Rd1 Qb8 18. Qg3 Bc5 19. Bf4 Nxf4 20. Qxf4 Kg8 21.
Qg4 Kh7 22. Ng3 Rd8 23. Rd3 Kh8 24. Re1 Qc7 25. Nh5 Bf8 26. Rxd4 Nc5 27. Rc4
Qb7 28. Rec1 Rd7 29. Qg3 Rad8 30. Rg4 Rd1+ 31. Rxd1 Rxd1+ 32. Kh2 Ne4 33. Qf4
Nxf2 34. Kg3 Nxg4 35. Qxg4 Rd7 36. Nf4 Qe4 37. h5 Kg8 38. Qh3 Qf5 39. Qh1 Bc5
40. Qc1 Rd8 41. Qc3 Qe4 42. Qb3 Bb4 43. Nh4 Be1+ 44. Kh3 Qxf4 0-1

[Event "Superettan(Vaxjo-Malmo)"]
[Site "?"]
[Date "2016.02.27"]
[Round "6"]
[White "Lekander, Rolf"]
[Black "Johansson, Thomas"]
[Result "1-0"]
[WhiteElo "2224"]
[BlackElo "2167"]
[PlyCount "67"]
1. c4 f5 2. g3 Nf6 3. Bg2 g6 4. Nc3 Bg7 5. d4 O-O 6. Nh3 d6 7. Nf4 c6 8. d5 e5
9. dxe6 Qe7 10. O-O Na6 11. Qc2 Nc5 12. b3 Bxe6 13. Nxe6 Qxe6 14. Bb2 Rad8 15.
Rad1 h5 16. e3 Kh7 17. Ne2 Bh6 18. Bd4 Nce4 19. Nf4 Qf7 20. Rfe1 a6 21. Bb2
Rfe8 22. Ba3 h4 23. f3 Nc5 24. Bc1 hxg3 25. hxg3 Ne6 26. Ne2 d5 27. Kf2 Qe7 28.
Rh1 Qc5 29. Nd4 dxc4 30. Nxe6 Qe7 31. Rxd8 Rxd8 32. Nxd8 Kg7 33. Qxc4 Qxd8 34.
Qd4 1-0

[Event "Superettan(Solna-Vasteras II)"]
[Site "?"]
[Date "2016.02.27"]
[Round "6"]
[White "Johansson, Gunnar"]
[Black "Ylonen, Anders"]
[Result "1/2-1/2"]
[WhiteElo "2218"]
[BlackElo "2086"]
[PlyCount "103"]
1. d4 f5 2. g3 Nf6 3. Bg2 e6 4. c4 c6 5. Nf3 d5 6. O-O Bd6 7. Nc3 O-O 8. Qc2
Ne4 9. Rb1 a5 10. a3 Nd7 11. b4 axb4 12. axb4 Nxc3 13. Qxc3 f4 14. b5 Ra2 15.
Rb2 Rxb2 16. Bxb2 Nf6 17. Ne5 fxg3 18. fxg3 Bxe5 19. dxe5 Ng4 20. Rxf8+ Qxf8
21. Bf3 Qc5+ 22. Qd4 Qxd4+ 23. Bxd4 Nh6 24. bxc6 bxc6 25. Kf2 Ba6 26. cxd5 cxd5
27. Bb2 Nf5 28. e4 dxe4 29. Bxe4 g6 30. g4 Ne7 31. Kg3 Kf7 32. Kf4 Bc4 33. Ba3
Nd5+ 34. Kg3 Nc3 35. Bc2 Nd5 36. Bc5 Nc7 37. Be3 Nd5 38. Bd2 Ne7 39. Kh4 Nc6
40. Bc3 Bd5 41. Kg5 Kg7 42. Kf4 Kf7 43. Ba4 Ne7 44. Bc2 Bc4 45. Kg3 Bd5 46. h4
Bc4 47. Bd2 Nc6 48. Bc3 Ne7 49. Bb2 Be2 50. Be4 Bd1 51. Ba3 Nd5 52. Bxd5
1/2-1/2

[Event "Superettan(Vaxjo-Malmo)"]
[Site "?"]
[Date "2016.02.27"]
[Round "6"]
[White "Lindahl, Jonas"]
[Black "Moren, Bjorn"]
[Result "1-0"]
[WhiteElo "2116"]
[BlackElo "2119"]
[PlyCount "145"]
[SourceDate "2016.03.02"]
1. e4 d5 2. exd5 Qxd5 3. Nc3 Qd6 4. d4 Nf6 5. Nb5 Qb6 6. c4 c6 7. Nc3 g6 8. Nf3
Bg7 9. h3 O-O 10. Be2 Rd8 11. O-O Bf5 12. Na4 Qc7 13. Qb3 Nbd7 14. Be3 b6 15.
Rfd1 Ne4 16. g4 Ng3 17. gxf5 Nxe2+ 18. Kf1 Nf4 19. fxg6 hxg6 20. d5 Nxh3 21. d6
exd6 22. Kg2 Ne5 23. Nxe5 Bxe5 24. Kxh3 Qd7+ 25. Kg2 Qg4+ 26. Kf1 Kg7 27. Nc3
Rh8 28. Ke1 Rae8 29. Kd2 Rh2 30. Ne2 Bf6 31. Rg1 Qh5 32. Rae1 d5 33. Kc1 Kg8
34. cxd5 cxd5 35. Kb1 Qf5+ 36. Qc2 Qf3 37. Nd4 Qh5 38. Qf5 Qh8 39. Qd3 Re4 40.
Rc1 Qh4 41. Nf5 Qh5 42. Qxd5 Re6 43. Qa8+ Kh7 44. Ng3 Qb5 45. Rc2 Qd3 46. Rh1
Rxh1+ 47. Qxh1+ Kg8 48. Qa8+ Kg7 49. Qf3 Bg5 50. Qe2 Qd5 51. Rd2 Qc6 52. Qd3
Be7 53. Bd4+ f6 54. Be3 Qg2 55. Qd5 Qh3 56. Qh1 Qg4 57. Qd1 Qh4 58. Rd4 Qh7 59.
Qh1 Qg8 60. Qd5 Bc5 61. Re4 Rxe4 62. Qxg8+ Kxg8 63. Nxe4 Be7 64. Kc2 Kf7 65.
Kd3 Ke6 66. Nc3 g5 67. Nb5 a6 68. Nc7+ Kd6 69. Nxa6 Kc6 70. a3 Kb5 71. Nb4 f5
72. Nd5 Bd8 73. Bxb6 1-0

[Event "Superettan(Solna-Vasteras II)"]
[Site "?"]
[Date "2016.02.27"]
[Round "6"]
[White "Gillefalk, Bjorn"]
[Black "Dalmau, Jorgen"]
[Result "0-1"]
[WhiteElo "2111"]
[BlackElo "2130"]
[PlyCount "84"]
1. d4 Nf6 2. c4 g6 3. Nf3 Bg7 4. g3 O-O 5. Bg2 d6 6. O-O Nbd7 7. Nc3 e5 8. h3
Re8 9. e4 a6 10. dxe5 dxe5 11. Be3 b5 12. cxb5 axb5 13. Qc2 c6 14. Rfd1 Qe7 15.
a3 Ra6 16. b4 Nb6 17. Bc5 Qb7 18. Nd2 Be6 19. a4 Nxa4 20. Nxa4 bxa4 21. Rxa4
Rxa4 22. Qxa4 Ra8 23. Qc2 Ra2 24. Qd3 Nd7 25. Be7 Qa7 26. Bg5 Ra3 27. Qe2 Bf8
28. Be3 Qa4 29. Rc1 Bxb4 30. Nc4 Ra1 31. Rxa1 Qxa1+ 32. Kh2 Qa6 33. Bf1 c5 34.
Qd1 Qa8 35. Nd6 Bc3 36. f3 Bd4 37. Bh6 Qa2+ 38. Bg2 c4 39. Qc1 Qa1 40. Qxa1
Bxa1 41. Nb5 c3 42. Bf1 Bb2 0-1

[Event "Superettan(Vaxjo-Malmo)"]
[Site "?"]
[Date "2016.02.27"]
[Round "6"]
[White "Neretljak, Nedzad"]
[Black "Persson, Richard"]
[Result "1-0"]
[WhiteElo "2037"]
[BlackElo "2142"]
[PlyCount "45"]
1. e4 e6 2. d4 d5 3. e5 c5 4. c3 Nc6 5. Nf3 Qb6 6. Bd3 cxd4 7. O-O Bd7 8. a3 f6
9. cxd4 Nh6 10. Nc3 Nf7 11. b4 Nxd4 12. exf6 gxf6 13. Re1 Be7 14. Bf4 a5 15.
Rb1 axb4 16. Rxb4 Nxf3+ 17. Qxf3 Qd8 18. Rxb7 Kf8 19. Bc7 Qc8 20. Reb1 Be8 21.
Nxd5 Ng5 22. Qf4 exd5 23. Bd6 1-0

[Event "Superettan(Solna-Vasteras II)"]
[Site "?"]
[Date "2016.02.27"]
[Round "6"]
[White "Lundvik, Jonas"]
[Black "Kimari, Patrick"]
[Result "1-0"]
[WhiteElo "2186"]
[BlackElo "2089"]
[PlyCount "101"]
1. d4 Nf6 2. Nf3 e6 3. g3 c5 4. Bg2 Nc6 5. O-O d5 6. c4 dxc4 7. Qa4 Bd7 8. Qxc4
Nxd4 9. Nxd4 cxd4 10. Qxd4 Bc6 11. Bxc6+ bxc6 12. Qa4 Qb6 13. Nd2 Be7 14. Nf3
O-O 15. Qc2 Rfd8 16. Be3 c5 17. b3 Nd5 18. Bg5 f6 19. Bd2 Nb4 20. Qc4 Qa6 21.
Rfc1 Qxc4 22. Rxc4 Rd5 23. e4 Rd7 24. Kf1 Nd3 25. Ke2 g5 26. g4 Rad8 27. Be3
Nf4+ 28. Bxf4 gxf4 29. Rcc1 Rb7 30. Rc4 Kg7 31. Rd1 Rxd1 32. Kxd1 Bd6 33. Ke2
Rb5 34. Kd3 Kg6 35. h3 h5 36. gxh5+ Kxh5 37. Ra4 Rb7 38. e5 fxe5 39. Ke4 Rf7
40. Nxe5 Rf5 41. Nf3 Rf7 42. Ra6 Rd7 43. Ne5 Bxe5 44. Kxe5 Kh4 45. Kxf4 Kxh3
46. Rxe6 Rd2 47. Kf3 Kh4 48. Ra6 Rd7 49. Kf4 Kh5 50. Ra5 Rd4+ 51. Ke3 1-0

[Event "Superettan(Kamraterna-Orgryte)"]
[Site "?"]
[Date "2016.02.27"]
[Round "6"]
[White "Arnelind, Mikael"]
[Black "Andreasson, Ingvar"]
[Result "1/2-1/2"]
[WhiteElo "2194"]
[BlackElo "2375"]
[PlyCount "67"]
1. d4 Nf6 2. c4 c5 3. d5 b5 4. cxb5 a6 5. b6 Qxb6 6. Nc3 g6 7. Nf3 d6 8. Nd2
Bg7 9. e4 O-O 10. Be2 Nbd7 11. Nc4 Qd8 12. O-O Ne8 13. Bg5 Ne5 14. Ne3 Rb8 15.
Qd2 Rb4 16. f4 Rd4 17. Qe1 Nd3 18. Bxd3 Rxd3 19. Rd1 Rxd1 20. Nexd1 Nc7 21. Qh4
f6 22. Bh6 Nb5 23. Bxg7 Kxg7 24. f5 Nxc3 25. Nxc3 Qb6 26. Qf2 Qb4 27. h3 Bd7
28. Rd1 a5 29. Rd2 a4 30. a3 Qc4 31. Kh2 Rb8 32. Qf3 Rb3 33. g4 g5 34. Kg3
1/2-1/2

[Event "Superettan(Schack 08-Upsala)"]
[Site "?"]
[Date "2016.02.27"]
[Round "6"]
[White "Johansson, Jan"]
[Black "Renman, Nils-Gustaf"]
[Result "0-1"]
[WhiteElo "2368"]
[BlackElo "2343"]
[PlyCount "74"]
[EventDate "2016.??.??"]
[SourceDate "2016.03.04"]
1. d4 d5 2. c4 c6 3. Nf3 e6 4. Nc3 f5 5. Bf4 Nf6 6. e3 Be7 7. h3 O-O 8. Qc2 Ne4
9. Bd3 Nd7 10. O-O-O Qa5 11. Kb1 b5 12. c5 b4 13. Na4 Ba6 14. b3 Bb5 15. Bxe4
fxe4 16. Ne1 e5 17. Bg3 Bxa4 18. bxa4 b3 19. axb3 Rab8 20. Ka2 Rb4 21. Qb2 Rfb8
22. Nc2 Qxa4+ 23. Qa3 Qxa3+ 24. Nxa3 Rxb3 25. Rd2 R8b7 26. Rhd1 exd4 27. exd4
Bf6 28. Bd6 Nf8 29. Bxf8 Kxf8 30. Nc2 Rb2+ 31. Ka1 R7b5 32. Ne3 Rxd2 33. Rxd2
Rxc5 34. Kb1 Rb5+ 35. Kc1 Ke7 36. Ra2 a5 37. Ra4 Kd6 0-1

[Event "Superettan(Kamraterna-Orgryte)"]
[Site "?"]
[Date "2016.02.27"]
[Round "6"]
[White "Svensson, Bengt"]
[Black "Kumar, Rahul"]
[Result "1-0"]
[WhiteElo "2339"]
[BlackElo "2176"]
[PlyCount "115"]
1. e4 d6 2. d4 g6 3. Nc3 Bg7 4. Be3 a6 5. Qd2 Nd7 6. f3 b5 7. a4 b4 8. Nd1 Rb8
9. Bd3 e6 10. Ne2 h6 11. O-O Ne7 12. c3 a5 13. Nf2 Kf8 14. Qc2 Kg8 15. Rfc1 c6
16. Bf4 Qc7 17. Qd2 e5 18. Be3 Kh7 19. f4 Re8 20. Rf1 bxc3 21. bxc3 exd4 22.
cxd4 Rb4 23. Qc2 Nf6 24. Bd2 Rb7 25. Rab1 Ra7 26. Rfc1 Bd7 27. Qa2 Kg8 28. d5
Rc8 29. dxc6 Nxc6 30. Nd4 Qd8 31. Nb5 Raa8 32. Nxd6 Be6 33. Qa3 Bf8 34. e5 Ne8
35. Nfe4 Bd5 36. Qc5 Bxe4 37. Bxe4 Nxe5 38. Qxe5 Bxd6 39. Rxc8 Rxc8 40. Qxa5
Bc5+ 41. Kh1 Qd4 42. Bf3 Ba7 43. Rd1 Bb6 44. Qa6 Rd8 45. a5 Ba7 46. Qe2 Rc8 47.
Qe4 Qf2 48. Qe1 Qd4 49. Bg4 Ra8 50. Bf3 Rc8 51. f5 Qf6 52. fxg6 Qxg6 53. Qh4
Kg7 54. Bxh6+ Kg8 55. Qg5 Rc5 56. Qe7 Nc7 57. Be3 Ne6 58. Qxa7 1-0

[Event "Superettan(Schack 08-Upsala)"]
[Site "?"]
[Date "2016.02.27"]
[Round "6"]
[White "Ingbrant, Johan"]
[Black "Johansson, Thomas"]
[Result "1/2-1/2"]
[WhiteElo "2369"]
[BlackElo "2219"]
[PlyCount "84"]
[EventDate "2016.??.??"]
1. b3 d5 2. Bb2 Bg4 3. f3 Bf5 4. e3 e6 5. Ne2 Nf6 6. d4 h5 7. Nbc3 a6 8. Qd2
Bb4 9. a3 Bd6 10. Na4 Nbd7 11. b4 h4 12. Nc5 Qb8 13. Nxd7 Kxd7 14. O-O-O c6 15.
Nf4 Bxf4 16. exf4 Nh5 17. Rg1 Qxf4 18. g4 hxg3 19. hxg3 Qxd2+ 20. Kxd2 Nf6 21.
g4 Bg6 22. Rg2 Ne8 23. Ke3 Nd6 24. Bc3 Rh7 25. a4 Rh1 26. Re1 Rah8 27. b5 axb5
28. axb5 R8h2 29. bxc6+ Kxc6 30. Rxh2 Rxh2 31. Be2 b5 32. Bb4 Nc4+ 33. Bxc4
bxc4 34. c3 Bd3 35. Kf4 Rb2 36. Bf8 Rc2 37. Bb4 Rh2 38. Ra1 Kb7 39. Bc5 Bg6 40.
Ra7+ Kc6 41. Ra8 Re2 42. Bb4 Kb5 1/2-1/2

[Event "Superettan(Vaxjo-Kamraterna)"]
[Site "?"]
[Date "2016.01.30"]
[Round "5"]
[White "Aberg, Anton"]
[Black "Rydstrom, Tom"]
[Result "0-1"]
[WhiteElo "2382"]
[BlackElo "2307"]
[PlyCount "70"]
1. e4 e5 2. Nf3 Nc6 3. d4 exd4 4. Nxd4 Qf6 5. Nxc6 Bc5 6. Qf3 bxc6 7. Bd3 d5 8.
Nc3 Be6 9. Bf4 Qe7 10. O-O Nf6 11. exd5 cxd5 12. Bb5+ Kf8 13. Rae1 Rd8 14. Bc6
Bd6 15. Bg5 h6 16. Bh4 g5 17. Bg3 Kg7 18. Kh1 d4 19. Nb5 Bxg3 20. fxg3 a6 21.
Nxc7 Rd6 22. Ba4 Rc8 23. Nxe6+ fxe6 24. Bb3 Re8 25. Re5 Nd7 26. Qe2 Nxe5 27.
Qxe5+ Kh7 28. Rf6 Qg7 29. Bc4 Rf8 30. Qe4+ Kh8 31. Rg6 d3 32. h3 d2 33. Be2
d1=Q+ 34. Bxd1 Rxd1+ 35. Kh2 Rff1 0-1